BIBLIOTECA PODER JUDICIAL
Portal Judicial TDF

Despido discriminatorio : (Registro nro. 6468)

000 -LEADER
fixed length control field 01011nab a22002537a 4500
003 - CONTROL NUMBER IDENTIFIER
control field OSt
005 - DATE AND TIME OF LATEST TRANSACTION
control field 20260209104402.0
008 - FIXED-LENGTH DATA ELEMENTS--GENERAL INFORMATION
fixed length control field 190506c xxu||||| |||| 00| 0 spa d
040 ## - CATALOGING SOURCE
Transcribing agency PJ
100 ## - MAIN ENTRY--PERSONAL NAME
9 (RLIN) 6774
Personal name Henriques, María Roxana
245 10 - TITLE STATEMENT
Title Despido discriminatorio :
Remainder of title bases y Puntos de Partida /
Statement of responsibility, etc María Roxana Henriques.
260 ## - PUBLICATION, DISTRIBUTION, ETC. (IMPRINT)
Place of publication, distribution, etc Buenos Aires :
Name of publisher, distributor, etc AbeledoPerrot,
Date of publication, distribution, etc 2025.
300 ## - PHYSICAL DESCRIPTION
Extent p. 16-21
500 ## - GENERAL NOTE
General note Cita: TR LALEY AR/DOC/150/2025.<br/>
505 ## - FORMATTED CONTENTS NOTE
Formatted contents note Sumario: I. Introducción.— II. El art. 245 bis de la LCT.— III. Conclusión.— IV. Reflexión final.
505 ## - FORMATTED CONTENTS NOTE
Title ¿Te interesa el texto completo? Comunicate al correo: koha@justierradelfuego.gov.ar
650 #0 - SUBJECT ADDED ENTRY--TOPICAL TERM
9 (RLIN) 1316
Topical term or geographic name as entry element DERECHO LABORAL
650 #0 - SUBJECT ADDED ENTRY--TOPICAL TERM
9 (RLIN) 1323
Topical term or geographic name as entry element CONTRATO DE TRABAJO
650 #0 - SUBJECT ADDED ENTRY--TOPICAL TERM
9 (RLIN) 1533
Topical term or geographic name as entry element DESPIDO
650 #0 - SUBJECT ADDED ENTRY--TOPICAL TERM
9 (RLIN) 1577
Topical term or geographic name as entry element DISCRIMINACION LABORAL
650 #0 - SUBJECT ADDED ENTRY--TOPICAL TERM
9 (RLIN) 4707
Topical term or geographic name as entry element BUENA FE
773 0# - HOST ITEM ENTRY
Host Biblionumber 2751
Host Itemnumber 3202
Place, publisher, and date of publication Buenos Aires : AbeledoPerrot, 2013-
Title Revista de derecho laboral y seguridad social. Nº 5 - Marzo 2025
942 ## - ADDED ENTRY ELEMENTS (KOHA)
Source of classification or shelving scheme
Koha item type Analítica Artículo de Revista

No hay ítems disponibles.

12 de Octubre 789 Ushuaia - Tel:  54(02901)441571
Horario de Atención: 8.00 a 17.00 hs. 
bibliotecaush@justierradelfuego.gov.ar
koha@justierradelfuego.gov.ar
Seguinos en nuestras redes @bibliojustdf 

Con tecnología Koha